Southville International School and Colleges
Your cart is empty.
  • Cart
  • Lists
    Public lists Eva Luna New books Lux_list list_1
    Your lists Log in to create your own lists
  • Log in to your account
  • Your cookies
  • Search history
Southville International School and Colleges
  • Advanced search
  • Recent comments
  • Most popular
  • Libraries

Log in to your account

Log in with GOOGLE


If you do not have an external account, but do have a local account, you can still log in:

  1. Home
  2. MARC view: Islands lost in time /
Normal view MARC view ISBD view

Islands lost in time / (Record no. 9329)

[ view plain ]
MARC details
000 -LEADER
fixed length control field 01053cam a2200289 a 4500
001 - CONTROL NUMBER
control field 4473865
003 - CONTROL NUMBER IDENTIFIER
control field OSt
005 - DATE AND TIME OF LATEST TRANSACTION
control field 20140310182108.0
008 - FIXED-LENGTH DATA ELEMENTS--GENERAL INFORMATION
fixed length control field 961231s1997 dcuab b 001 0 eng
010 ## - LIBRARY OF CONGRESS CONTROL NUMBER
LC control number 96054853
020 ## - INTERNATIONAL STANDARD BOOK NUMBER
International Standard Book Number 0792242319 (deluxe)
020 ## - INTERNATIONAL STANDARD BOOK NUMBER
International Standard Book Number 0792236513 (reg.)
040 ## - CATALOGING SOURCE
Original cataloging agency DLC
Transcribing agency DLC
Modifying agency DLC
050 00 - LIBRARY OF CONGRESS CALL NUMBER
Classification number G500
Item number .I87 1997
082 00 - DEWEY DECIMAL CLASSIFICATION NUMBER
Classification number HS 910.914
Item number Is4 1994
245 00 - TITLE STATEMENT
Title Islands lost in time /
Statement of responsibility, etc prepared by the Book Division, National Geographic Society.
260 ## - PUBLICATION, DISTRIBUTION, ETC. (IMPRINT)
Place of publication, distribution, etc Washington, D.C. :
Name of publisher, distributor, etc The Society,
Date of publication, distribution, etc c1997.
300 ## - PHYSICAL DESCRIPTION
Extent 200 p. :
Other physical details col. ill., col. maps ;
Dimensions 26 cm.
504 ## - BIBLIOGRAPHY, ETC. NOTE
Bibliography, etc Includes bibliographical references (p. 200) and index.
521 ## - TARGET AUDIENCE NOTE
Target audience note
650 #0 - SUBJECT ADDED ENTRY--TOPICAL TERM
Topical term or geographic name as entry element Islands.
9 (RLIN) 13237
710 2# - ADDED ENTRY--CORPORATE NAME
Corporate name or jurisdiction name as entry element National Geographic Society (U.S.).
Subordinate unit Book Division.
9 (RLIN) 13238
906 ## - LOCAL DATA ELEMENT F, LDF (RLIN)
a 7
b cbc
c orignew
d 1
e ocip
f 19
g y-gencatlg
942 ## - ADDED ENTRY ELEMENTS (KOHA)
Source of classification or shelving scheme Library of Congress Classification
Koha item type
Holdings
Withdrawn status Lost status Source of classification or shelving scheme Damaged status Home library Current library Shelving location Date acquired Total Checkouts Full call number Barcode Date last seen Price effective from Koha item type
    Library of Congress Classification   Luxembourg Library Luxembourg Library High School Section 08/24/2013   G 500 .I87 1997 15670 11/11/2015 10/03/2013 Books

Islands lost in time /

APA

National Geographic Society (U.S.), . (1997). Islands lost in time. Washington, D.C: The Society.

Chicago

National Geographic Society (U.S.), . 1997. Islands lost in time. Washington, D.C: The Society.

Harvard

National Geographic Society (U.S.), . (1997). Islands lost in time. Washington, D.C: The Society.

MLA

National Geographic Society (U.S.), . Islands lost in time. Washington, D.C: The Society. 1997.

  • Place hold
  • Print
  • Cite
  • Add to your cart (remove)
  • Save record
    BIBTEX Dublin Core MARCXML MARC (non-Unicode/MARC-8) MARC (Unicode/UTF-8) MARC (Unicode/UTF-8, Standard) MODS (XML) RIS
  • More searches
    Search for this title in:
    Other Libraries (WorldCat) Other Databases (Google Scholar) Online Stores (Bookfinder.com) Open Library (openlibrary.org)

Exporting to Dublin Core...

SOUTHVILLE LIBRARY

Southville International School and Colleges Library

1281 Tropical Ave. Cor. Luxembourg St., BF Homes International, Las Pinas City

Tel. No. 8256374 / 252358 Loc. 117/146

Powered by Koha